Improvement vs. compliance: a new look at auditing.

Popisujú sa rôzne modifikované formy vnútropodnikových previerok efektívnosti a systémov riadenia akosti, založené zväčša na vojenských prístupoch. Organizácia ILSD firmy Westinghouse zaviedla metódu vnútropodnikovej previerky, ktorá je kombináciou hodnotenia zhody výrobku s normou a kontroly systém...

Ausführliche Beschreibung

Gespeichert in:
Bibliographische Detailangaben
1. Verfasser: Aquino, M.A
Format: Buchkapitel
Sprache:Englisch
Schlagworte:
Tags: Tag hinzufügen
Keine Tags, Fügen Sie das erste Tag hinzu!

MARC

LEADER 00000naa a2200000 4500
001 r002113
005 20220909070501.9
041 0 |a eng 
044 |a US 
245 1 0 |a Improvement vs. compliance: a new look at auditing.  |c M.A. Aquino 
520 |a Popisujú sa rôzne modifikované formy vnútropodnikových previerok efektívnosti a systémov riadenia akosti, založené zväčša na vojenských prístupoch. Organizácia ILSD firmy Westinghouse zaviedla metódu vnútropodnikovej previerky, ktorá je kombináciou hodnotenia zhody výrobku s normou a kontroly systému totálneho riadenia akosti. Organizačná schéma a formulár previerky. 
610 2 0 |a kontrola kvality 
610 2 0 |a riadenie kvality 
610 2 0 |a kontrola vnútropodniková 
610 2 0 |a previerky 
610 2 0 |a ILSD 
610 2 0 |a Westinghouse 
610 2 0 |a normy 
100 1 |a Aquino, M.A.